Report on the fourth general elections in India, (Record no. 83372)

MARC details
000 -LEADER
fixed length control field 00637cam a22002291 4500
001 - CONTROL NUMBER
control field sa 68010270
003 - CONTROL NUMBER IDENTIFIER
control field DLC
005 - DATE AND TIME OF LATEST TRANSACTION
control field 20260227112551.0
008 - FIXED-LENGTH DATA ELEMENTS--GENERAL INFORMATION
fixed length control field 751104q19001975ii s f000 0 eng
010 ## - LIBRARY OF CONGRESS CONTROL NUMBER
LC control number sa 68010270
035 ## - SYSTEM CONTROL NUMBER
System control number (OCoLC)1806471
040 ## - CATALOGING SOURCE
Original cataloging agency DLC
Transcribing agency VtU
Modifying agency OCoLC
-- DLC
042 ## - AUTHENTICATION CODE
Authentication code premarc
050 00 - LIBRARY OF CONGRESS CALL NUMBER
Classification number JQ294
Item number .A537
110 1# - MAIN ENTRY--CORPORATE NAME
Corporate name or jurisdiction name as entry element India.
Subordinate unit Election Commission.
245 10 - TITLE STATEMENT
Title Report on the fourth general elections in India,
Statement of responsibility, etc. 1967.
260 ## - PUBLICATION, DISTRIBUTION, ETC.
Place of publication, distribution, etc. [New Dalhi,
Name of publisher, distributor, etc. 19
300 ## - PHYSICAL DESCRIPTION
Extent v.
Dimensions 25-27 cm.
505 0# - FORMATTED CONTENTS NOTE
Formatted contents note v. 1. General. v. 2. Statistical.
650 #0 - SUBJECT ADDED ENTRY--TOPICAL TERM
Topical term or geographic name entry element Elections
Geographic subdivision India.
650 #0 - SUBJECT ADDED ENTRY--TOPICAL TERM
Topical term or geographic name entry element Elections
Geographic subdivision India
Form subdivision Statistics.

No items available.

Powered by Koha